00457 a2200169 450000100060000002000150000604000370002110000260005824000240008424500190010830000070012736200090013465000310014394200070017495200890018199900170027072333 a8526703498 cAnchieta - Colégio São Paulo aSérafini, Dominique10aA onda de fogolpor10aA onda de fogo a480 a1991 4aLiteratura infanto-juvenil cBK 00104070a88.1b88.1d2023-11-22l0p1871/CSPr2023-11-22 14:28:43w2023-11-22yBK c72333d72333